[Event "?"]
[Site "Pune IND"]
[Date "2014.10.06"]
[Round "1.1"]
[White "Fedoseev, Vladimir"]
[Black "Chakravarthi Reddy, M."]
[Result "1-0"]
[WhiteElo "2661"]
[BlackElo "2217"]
[EventDate "2014.10.06"]
[PlyCount "69"]

1.e4 e6 2.Qe2 c5 3.Nf3 Nc6 4.g3 g6 5.Bg2 Bg7 6.O-O Nge7 7.Na3 O-O 8.e5 d5 
9.d3 h6 10.c3 b6 11.h4 Nf5 12.Re1 Ba6 13.Bf4 Re8 14.Qd2 f6 15.exf6 Qxf6 
16.Ne5 Nxe5 17.Bxe5 Qf7 18.Nc2 Re7 19.Re2 Rae8 20.Rae1 h5 21.Kh2 Nh6 22.
Bh3 Bxe5 23.Rxe5 Kg7 24.Ne3 Qf6 25.Ng2 Nf7 26.R5e2 e5 27.Ne3 Bb7 28.Bg2 d4
29.Nd5 Bxd5 30.Bxd5 Nh6 31.Kg2 Nf5 32.c4 Rd8 33.b4 Red7 34.a4 Qd6 35.b5 
1-0

[Event "53rd World U20 ch"]
[Site "Pune IND"]
[Date "2014.10.06"]
[Round "1.2"]
[White "Rindlisbacher, Jan"]
[Black "Van Kampen, Robin"]
[Result "0-1"]
[WhiteElo "2217"]
[BlackElo "2641"]
[EventDate "2014.10.06"]
[PlyCount "55"]

1.d4 Nf6 2.c4 e6 3.Nf3 d5 4.g3 Bb4+ 5.Bd2 Bd6 6.Bg2 c6 7.Qc2 Nbd7 8.O-O 
O-O 9.Rd1 Ne4 10.Nc3 f5 11.Bf4 Bxf4 12.gxf4 Qe7 13.e3 b6 14.cxd5 cxd5 15.
Bf1 a6 16.Nxe4 fxe4 17.Ne5 Nxe5 18.dxe5 g5 19.Rac1 gxf4 20.exf4 Rxf4 21.
Qc6 Bb7 22.Qxb6 Kh8 23.Bh3 Rg8+ 24.Kh1 d4 25.Rc7 Bd5 26.Rxe7 e3+ 27.Bg2 
Bxg2+ 28.Kg1 0-1

[Event "53rd World U20 ch"]
[Site "Pune IND"]
[Date "2014.10.06"]
[Round "1.4"]
[White "Ritviz, Parab"]
[Black "Vidit, Santosh Gujrathi"]
[Result "0-1"]
[WhiteElo "2205"]
[BlackElo "2635"]
[EventDate "2014.10.06"]
[PlyCount "46"]

1.e4 c5 2.Nc3 Nc6 3.f4 g6 4.Nf3 Bg7 5.Bb5 Nd4 6.O-O a6 7.Bd3 d6 8.Nxd4 
cxd4 9.Ne2 Nf6 10.c3 dxc3 11.bxc3 O-O 12.a4 e5 13.Bc2 exf4 14.Nxf4 Re8 15.
d3 d5 16.Qf3 dxe4 17.dxe4 Bg4 18.Qg3 Qc7 19.Rb1 Rac8 20.Bb3 Nxe4 21.Qd3 
Nc5 22.Qc4 Bf5 23.Nd5 Qd8 0-1

[Event "53rd World U20 ch"]
[Site "Pune IND"]
[Date "2014.10.06"]
[Round "1.5"]
[White "Cori Tello, Jorge"]
[Black "Megalios, Konstantinos"]
[Result "1-0"]
[WhiteElo "2612"]
[BlackElo "2196"]
[EventDate "2014.10.06"]
[PlyCount "126"]

1.c4 e6 2.Nf3 Nf6 3.e3 c5 4.Nc3 Be7 5.d4 cxd4 6.exd4 d5 7.Bd3 O-O 8.O-O 
Nc6 9.cxd5 Nxd5 10.Qe2 Bf6 11.Rd1 Nce7 12.Ne4 Ng6 13.Nxf6+ Qxf6 14.g3 h6 
15.h4 Rd8 16.h5 Nf8 17.Ne5 b6 18.Bd2 Bb7 19.Rac1 Rac8 20.Rxc8 Rxc8 21.Re1 
Qd8 22.Be4 Qe7 23.a3 Nf6 24.Bb4 Qc7 25.Bb1 Qd8 26.Qd1 N6h7 27.Bxh7+ Nxh7 
28.Bc3 Nf6 29.g4 Nd5 30.Bd2 Qh4 31.Qf3 Rc7 32.Qg3 Qxg3+ 33.fxg3 Rc2 34.Bc1
Nf6 35.Kf1 Ne4 36.Bf4 Ba6+ 37.Kg1 Nf2 38.d5 Nh3+ 39.Kh1 Nf2+ 40.Kg1 Nh3+ 
41.Kh1 Bb7 42.Nc6 Nf2+ 43.Kg1 Nh3+ 44.Kh1 Bxc6 45.dxc6 Rxc6 46.Re2 Rc4 47.
Bb8 a6 48.Kg2 Ng5 49.Bf4 Kf8 50.Rd2 Ke7 51.Bd6+ Ke8 52.Bf4 Ne4 53.Re2 Ke7 
54.b3 Rd4 55.Be5 Rd2 56.Rxd2 Nxd2 57.Bxg7 Nxb3 58.g5 f5 59.Bxh6 Kf7 60.g6+
Kf6 61.Be3 b5 62.g4 fxg4 63.Kg3 e5 1-0

[Event "53rd World U20 ch"]
[Site "Pune IND"]
[Date "2014.10.06"]
[Round "1.6"]
[White "Pranav, Shetty"]
[Black "Duda, Jan-Krzysztof"]
[Result "0-1"]
[WhiteElo "2191"]
[BlackElo "2599"]
[EventDate "2014.10.06"]
[PlyCount "98"]

1.e4 e5 2.Nf3 Nc6 3.Bc4 Bc5 4.c3 Nf6 5.d3 a6 6.Bb3 Ba7 7.h3 d6 8.Bg5 h6 9.
Bh4 Qe7 10.Nbd2 g5 11.Bg3 Nh5 12.Nf1 Be6 13.Qd2 O-O-O 14.Ne3 Bxe3 15.Qxe3 
Nf4 16.O-O Kb8 17.d4 Bc8 18.Rad1 Na5 19.Rd2 Nxb3 20.axb3 Rdg8 21.dxe5 dxe5
22.Nh2 Qe6 23.b4 Nxg2 24.Kxg2 h5 25.Nf3 Qxh3+ 26.Kg1 f6 27.Ne1 h4 28.Bh2 
Qxe3 29.fxe3 g4 30.Rxf6 g3 31.Nf3 gxh2+ 32.Kxh2 Rg4 33.Nxe5 Rxe4 34.Ng6 
Rhe8 35.Rf4 Rxe3 36.Nxh4 b6 37.Ng2 Re2 38.Rf2 R2e5 39.Kg1 Bb7 40.Kf1 Bc6 
41.Rf6 Kb7 42.Kg1 R8e7 43.Kh2 Rh7+ 44.Kg1 Rg5 45.Rff2 Rgh5 46.Rfe2 Bf3 47.
Nf4 Bxe2 48.Nxe2 Rh2 49.Kf1 Rf7+ 0-1

[Event "53rd World U20 ch"]
[Site "Pune IND"]
[Date "2014.10.06"]
[Round "1.7"]
[White "Bok, Benjamin"]
[Black "Ronka, Erik"]
[Result "1-0"]
[WhiteElo "2591"]
[BlackElo "2183"]
[EventDate "2014.10.06"]
[PlyCount "100"]

1.e4 c6 2.d4 d5 3.e5 Bf5 4.Nf3 e6 5.Be2 Ne7 6.O-O c5 7.c4 Nbc6 8.dxc5 d4 
9.Qb3 Qd7 10.Rd1 Ng6 11.Nc3 Bxc5 12.Qb5 b6 13.Na4 Nb4 14.Qxd7+ Kxd7 15.a3 
Nc6 16.b4 Bc2 17.Nxc5+ bxc5 18.Rd2 d3 19.Bxd3 Bxd3 20.Rxd3+ Kc7 21.b5 Na5 
22.Be3 Rhd8 23.Rc3 Nb7 24.Ng5 Rd7 25.f4 Rad8 26.Kf2 Nf8 27.Ne4 Kb6 28.a4 
a5 29.bxa6 Kxa6 30.Rb1 Rc7 31.Rcb3 Nd7 32.Rd3 f5 33.Nd6 Nb6 34.Nxb7 Rxd3 
35.Nxc5+ Rxc5 36.Bxc5 Nxc4 37.Rb8 Rd5 38.Be3 Rd3 39.Bc5 Rd5 40.Bb4 Nb2 41.
Bf8 Nxa4 42.Re8 Nc3 43.Rxe6+ Kb5 44.g4 g6 45.gxf5 gxf5 46.Rf6 Ne4+ 47.Kg2 
Nxf6 48.exf6 Kc6 49.f7 Rd7 50.Be7 Kd5 1-0

[Event "53rd World U20 ch"]
[Site "Pune IND"]
[Date "2014.10.06"]
[Round "1.8"]
[White "Sahoo, Utkal Ranjan"]
[Black "Grigorian, Karen H."]
[Result "0-1"]
[WhiteElo "2170"]
[BlackElo "2591"]
[EventDate "2014.10.06"]
[PlyCount "127"]

1.d4 Nf6 2.Nf3 e6 3.e3 c5 4.c4 d5 5.Nc3 Nc6 6.Bd2 dxc4 7.Bxc4 a6 8.O-O b5 
9.Be2 Bb7 10.a3 cxd4 11.exd4 Be7 12.Be3 Nd5 13.Ne1 Na5 14.Rc1 O-O 15.Bd3 
Nc4 16.Bxc4 bxc4 17.Qe2 Rc8 18.Nf3 Bd6 19.Ne4 Nf4 20.Bxf4 Bxf4 21.Rcd1 Bd5
22.Nc3 Qb6 23.Ne5 Qb7 24.Nxd5 exd5 25.g3 Bg5 26.Rfe1 Bf6 27.Ng4 Bd8 28.Qc2
Rc6 29.Re2 Bb6 30.Qf5 Rd6 31.Qf4 Qb8 32.Ne5 Re6 33.Qf3 Qd6 34.Ng4 Rd8 35.
Rdd2 Rde8 36.Re5 Rd8 37.Qf5 Rxe5 38.Nxe5 Qe6 39.Qf4 f6 40.Nf3 Re8 41.h4 
Ba5 42.Rc2 h5 43.Kg2 Qd7 44.Qc1 Qf5 45.Qd1 Qd3 46.Rc1 Qxd1 47.Rxd1 Rb8 48.
Rb1 Bc3 49.b4 cxb3 50.Kf1 b2 51.Ke2 Rb3 52.Nd2 Rxa3 53.Kd3 a5 54.Kc2 a4 
55.Rd1 Bxd2 56.Rxd2 Rb3 57.Rd1 Rb4 58.Kb1 a3 59.Ka2 Kf7 60.f3 Ke8 61.g4 g6
62.Re1+ Kf7 63.Rd1 hxg4 64.fxg4 0-1

[Event "53rd World U20 ch"]
[Site "Pune IND"]
[Date "2014.10.06"]
[Round "1.9"]
[White "Indic, Aleksandar"]
[Black "Sen, Samir"]
[Result "1-0"]
[WhiteElo "2554"]
[BlackElo "2168"]
[EventDate "2014.10.06"]
[PlyCount "83"]

1.d4 d5 2.Nc3 Nf6 3.Bf4 c6 4.e3 Bf5 5.f3 e6 6.g4 Bg6 7.h4 h6 8.Bd3 Bxd3 9.
Qxd3 Bd6 10.Nge2 Bxf4 11.exf4 Nbd7 12.g5 hxg5 13.fxg5 Nh5 14.f4 g6 15.
O-O-O Qc7 16.Qf3 O-O-O 17.Rdf1 Rh7 18.Rh3 Rdh8 19.Rfh1 Nb6 20.b3 Kd8 21.
Nd1 Nc8 22.Ne3 Nd6 23.Ng4 Ne4 24.Kb2 Ng7 25.Ne5 Nf5 26.h5 Rxh5 27.Rxh5 
Rxh5 28.Rxh5 gxh5 29.Qxh5 Ned6 30.Qh8+ Ne8 31.Qg8 Nd6 32.g6 fxg6 33.Qxe6 
Qe7 34.Qxg6 Qf6 35.Qh7 Qg7 36.Qh3 Nf6 37.Ng3 Ke7 38.a4 Nde4 39.Nxe4 dxe4 
40.a5 Qg1 41.Qc3 Nd5 42.Qc5+ 1-0

[Event "53rd World U20 ch"]
[Site "Pune IND"]
[Date "2014.10.06"]
[Round "1.10"]
[White "Rakesh, Kumar Jena"]
[Black "Oparin, Grigory"]
[Result "1/2-1/2"]
[WhiteElo "2164"]
[BlackElo "2552"]
[EventDate "2014.10.06"]
[PlyCount "60"]

1.e4 c5 2.Nf3 d6 3.d4 cxd4 4.Nxd4 Nf6 5.Nc3 a6 6.Bg5 Nbd7 7.f4 e5 8.Nf5 
Qb6 9.Bc4 Qxb2 10.Nd5 Nxd5 11.Qxd5 f6 12.O-O fxg5 13.Rab1 Qa3 14.Nxg7+ 
Bxg7 15.Qf7+ Kd8 16.Qxg7 Rf8 17.Be6 Rxf4 18.Rxf4 gxf4 19.Rxb7 Qe3+ 20.Kf1 
Qc1+ 21.Kf2 Qxc2+ 22.Kf1 Qc1+ 23.Kf2 Qc2+ 24.Kf1 Qd1+ 25.Kf2 Qd2+ 26.Kf1 
Qd3+ 27.Kf2 Qd2+ 28.Kf1 Qd3+ 29.Kf2 Qe3+ 30.Kf1 Qd3+ 1/2-1/2

[Event "53rd World U20 ch"]
[Site "Pune IND"]
[Date "2014.10.06"]
[Round "1.11"]
[White "Kovalev, Vladislav"]
[Black "Pastar, Slaven"]
[Result "1-0"]
[WhiteElo "2548"]
[BlackElo "2159"]
[EventDate "2014.10.06"]
[PlyCount "34"]

1.e4 g6 2.d4 Bg7 3.Nc3 d6 4.Be3 Nf6 5.f3 a6 6.Qd2 O-O 7.O-O-O b5 8.Bh6 Bb7
9.h4 e6 10.h5 Qe7 11.Bxg7 Kxg7 12.hxg6 fxg6 13.Qh6+ Kg8 14.Nh3 Re8 15.Ng5 
Qg7 16.e5 Nfd7 17.f4 Kf8 1-0

[Event "53rd World U20 ch"]
[Site "Pune IND"]
[Date "2014.10.06"]
[Round "1.12"]
[White "Yashas, D."]
[Black "Dragun, Kamil"]
[Result "1/2-1/2"]
[WhiteElo "2159"]
[BlackElo "2546"]
[EventDate "2014.10.06"]
[PlyCount "69"]

1.e4 c5 2.Nf3 e6 3.b3 b6 4.Bb2 Bb7 5.d3 Nc6 6.g3 Nf6 7.Bg2 d6 8.Nbd2 Be7 
9.h3 O-O 10.O-O Nd7 11.Nh2 b5 12.Ng4 Nde5 13.f4 Nxg4 14.Qxg4 Nd4 15.c4 
bxc4 16.bxc4 Rb8 17.Nb3 e5 18.Nxd4 exd4 19.Rf2 Qa5 20.e5 Bxg2 21.Kxg2 dxe5
22.fxe5 Qa6 23.Qe4 Qe6 24.Raf1 Rb6 25.Bc1 f6 26.Re1 f5 27.Qd5 g6 28.Rb2 
Kf7 29.Rxb6 axb6 30.Qb7 Rd8 31.Bf4 Rd7 32.Qxd7 Qxd7 33.e6+ Qxe6 34.Rxe6 
Kxe6 35.Bc7 1/2-1/2

[Event "53rd World U20 ch"]
[Site "Pune IND"]
[Date "2014.10.06"]
[Round "1.13"]
[White "Lu Shanglei"]
[Black "Iniyan, P."]
[Result "1-0"]
[WhiteElo "2533"]
[BlackElo "2151"]
[EventDate "2014.10.06"]
[PlyCount "51"]

1.e4 c5 2.Nf3 d6 3.d4 cxd4 4.Nxd4 Nf6 5.Nc3 a6 6.Be3 e6 7.g4 h6 8.h4 Nbd7 
9.Rg1 Nc5 10.Qf3 Nfd7 11.g5 hxg5 12.Bxg5 Qb6 13.O-O-O Qc7 14.Bh3 b5 15.Qg3
b4 16.Nd5 exd5 17.exd5 Ne5 18.f4 Bxh3 19.fxe5 dxe5 20.Qxh3 f6 21.Ne6 Qd7 
22.Be3 Nxe6 23.dxe6 Qc6 24.Qf5 Bd6 25.Rxg7 Rf8 26.Qh5+ 1-0

[Event "53rd World U20 ch"]
[Site "Pune IND"]
[Date "2014.10.06"]
[Round "1.14"]
[White "Sai Vishwesh, Chandrakaladaran"]
[Black "Abasov, Nijat"]
[Result "1/2-1/2"]
[WhiteElo "2151"]
[BlackElo "2528"]
[EventDate "2014.10.06"]
[PlyCount "100"]

1.e4 e5 2.Nf3 Nc6 3.Bb5 Nf6 4.O-O Nxe4 5.d4 Nd6 6.Bxc6 dxc6 7.dxe5 Nf5 8.
Qxd8+ Kxd8 9.Rd1+ Ke8 10.b3 Be6 11.c4 Be7 12.Nc3 Rd8 13.Bg5 f6 14.Bf4 
Rxd1+ 15.Rxd1 Bd8 16.exf6 gxf6 17.Ne4 Kf7 18.h3 h5 19.Nd4 Nxd4 20.Rxd4 b6 
21.f3 Re8 22.Kf2 Kg6 23.Rd1 h4 24.Nc3 Kf7 25.Ne2 c5 26.Nc3 a6 27.Nd5 c6 
28.Nc7 Bxc7 29.Bxc7 b5 30.Rd6 bxc4 31.Rxc6 cxb3 32.axb3 Bxb3 33.Rxc5 Kg6 
34.Ba5 Re6 35.Bc3 Rd6 36.Be1 Rd5 37.Rxd5 Bxd5 38.g3 hxg3+ 39.Kxg3 Kf5 40.
h4 Bf7 41.Bc3 Bh5 42.Ba5 Ke6 43.Kf4 f5 44.Bc3 Kd5 45.Kxf5 Bxf3 46.Kg6 Kc4 
47.Be1 Kb5 48.h5 Bxh5+ 49.Kxh5 a5 50.Bxa5 Kxa5 1/2-1/2

[Event "53rd World U20 ch"]
[Site "Pune IND"]
[Date "2014.10.06"]
[Round "1.15"]
[White "Antipov, Mikhail"]
[Black "Fong Yit San"]
[Result "1-0"]
[WhiteElo "2524"]
[BlackElo "2149"]
[EventDate "2014.10.06"]
[PlyCount "107"]

1.e4 c5 2.Nf3 d6 3.d4 cxd4 4.Nxd4 Nf6 5.Nc3 a6 6.Be2 e5 7.Nb3 Be7 8.O-O 
O-O 9.Re1 Be6 10.Bf3 Nbd7 11.a4 Rc8 12.Nd2 Nb6 13.Nf1 Qc7 14.Ne3 Rfe8 15.
Be2 Qc6 16.a5 d5 17.axb6 d4 18.Ncd5 dxe3 19.Nxe7+ Rxe7 20.Bxe3 Qxe4 21.Bd3
Qc6 22.Bg5 Bd7 23.Be4 Qxb6 24.Bxf6 gxf6 25.Qh5 f5 26.Bxf5 Bxf5 27.Qxf5 Qe6
28.Qd3 Qg6 29.Re4 f5 30.Re3 Kh8 31.c3 e4 32.Qd4+ Qg7 33.Rd1 Qxd4 34.Rxd4 
Rce8 35.Kf1 Kg7 36.Re1 Kf6 37.Ke2 h5 38.Ke3 Rg8 39.g3 Kg5 40.h4+ Kg4 41.
Rg1 Rgg7 42.f3+ Kh3 43.Rdd1 f4+ 44.gxf4 exf3+ 45.Kxf3 Rxg1 46.Rxg1 Kh2 47.
Rg5 Rh7 48.f5 Kh3 49.Kf4 Kxh4 50.f6 Rc7 51.Rg1 Kh3 52.Rh1+ Kg2 53.Rxh5 Kf2
54.Re5 1-0

[Event "53rd World U20 ch"]
[Site "Pune IND"]
[Date "2014.10.06"]
[Round "1.17"]
[White "Rajpara, Ankit"]
[Black "Rajdeep, Sarkar"]
[Result "1-0"]
[WhiteElo "2508"]
[BlackElo "2145"]
[EventDate "2014.10.06"]
[PlyCount "91"]

1.e4 e5 2.Nf3 Nc6 3.Bb5 g6 4.O-O Bg7 5.c3 a6 6.Ba4 d6 7.d4 Bd7 8.Re1 Nge7 
9.dxe5 Nxe5 10.Nxe5 dxe5 11.Bb3 Nc6 12.Nd2 O-O 13.Nf1 Na5 14.Bc2 Be6 15.
Qf3 Qf6 16.Qg3 Qe7 17.h4 h5 18.Bg5 f6 19.Be3 Qf7 20.b3 Nc6 21.Bc5 Rfd8 22.
Ne3 Kh7 23.Qf3 Rd2 24.Bd1 Rad8 25.Be2 Bh6 26.Red1 Rxd1+ 27.Rxd1 Rxd1+ 28.
Bxd1 Bf8 29.Bxf8 Qxf8 30.Be2 Kg7 31.Bc4 Bxc4 32.Nxc4 Qd8 33.Ne3 Ne7 34.Qe2
Qd6 35.g4 Kh6 36.gxh5 gxh5 37.Qf3 Qe6 38.Kf1 Qf7 39.Qh3 Ng6 40.Qc8 Nf4 41.
Qh8+ Kg6 42.Nf5 Qh7 43.Qf8 Nd5 44.Qe8+ Qf7 45.Qxf7+ Kxf7 46.exd5 1-0

[Event "53rd World U20 ch"]
[Site "Pune IND"]
[Date "2014.10.06"]
[Round "1.18"]
[White "Yogesh, Gautam"]
[Black "Ghosh, Diptayan"]
[Result "0-1"]
[WhiteElo "2144"]
[BlackElo "2508"]
[EventDate "2014.10.06"]
[PlyCount "58"]

1.e4 e5 2.Nf3 Nc6 3.d4 exd4 4.Nxd4 Bc5 5.Nb3 Bb4+ 6.Bd2 a5 7.a3 Be7 8.Bc3 
Nf6 9.Bd3 d6 10.O-O O-O 11.f4 a4 12.Nd4 d5 13.Nxc6 bxc6 14.Bxf6 Bc5+ 15.
Kh1 Qxf6 16.exd5 Qxb2 17.Nd2 cxd5 18.Rb1 Qd4 19.Nf3 Qf6 20.Ng5 g6 21.Nxh7 
Kxh7 22.f5 g5 23.Rf3 Kg7 24.Rg3 Bd6 25.Rg4 Rh8 26.h4 Rxh4+ 27.Rxh4 gxh4 
28.Qg4+ Kf8 29.Re1 Bd7 0-1

[Event "53rd World U20 ch"]
[Site "Pune IND"]
[Date "2014.10.06"]
[Round "1.19"]
[White "Karthikeyan, Murali"]
[Black "Siva, Mahadevan"]
[Result "0-1"]
[WhiteElo "2495"]
[BlackElo "2141"]
[EventDate "2014.10.06"]
[PlyCount "26"]

1.e4 e5 2.Nf3 Nc6 3.Bb5 Nf6 4.O-O Nxe4 5.Re1 Nd6 6.Nxe5 Be7 7.Bd3 Nxe5 8.
Rxe5 O-O 9.Nc3 Bf6 10.Re3 g6 11.Qf3 Re8 12.b3 Rxe3 13.fxe3 Ne8 0-1

[Event "53rd World U20 ch"]
[Site "Pune IND"]
[Date "2014.10.06"]
[Round "1.20"]
[White "Sammed Jaykumar, Shete"]
[Black "Bajarani, Ulvi"]
[Result "0-1"]
[WhiteElo "2139"]
[BlackElo "2496"]
[EventDate "2014.10.06"]
[PlyCount "46"]

1.e4 e6 2.Nf3 d5 3.Nc3 Nf6 4.e5 Nfd7 5.d4 c5 6.dxc5 Nc6 7.Bf4 Bxc5 8.Bd3 
f6 9.exf6 Nxf6 10.O-O O-O 11.Bg3 Bd7 12.Ne5 Qe7 13.Kh1 a6 14.Nxd7 Qxd7 15.
f4 g6 16.Bh4 Bd4 17.Qd2 Rf7 18.Rae1 Raf8 19.Qe2 Nh5 20.g3 e5 21.fxe5 Nxe5 
22.Nd1 Nf3 23.Be7 Nxg3+ 0-1

[Event "53rd World U20 ch"]
[Site "Pune IND"]
[Date "2014.10.06"]
[Round "1.21"]
[White "Grover, Sahaj"]
[Black "Abhishek, A."]
[Result "1-0"]
[WhiteElo "2491"]
[BlackElo "2138"]
[EventDate "2014.10.06"]
[PlyCount "101"]

1.d4 Nf6 2.Bg5 g6 3.Bxf6 exf6 4.c4 Bg7 5.Nc3 O-O 6.e3 f5 7.g3 c5 8.Nge2 
cxd4 9.Nxd4 Nc6 10.Ndb5 Be5 11.Qd2 a6 12.Nd6 Nd4 13.exd4 Bxd6 14.O-O-O b6 
15.Bg2 Rb8 16.Kb1 Bb4 17.Qf4 Bb7 18.Bxb7 Bxc3 19.Bd5 Bb4 20.a3 Be7 21.h4 
d6 22.g4 fxg4 23.h5 g5 24.Qxg4 Kh8 25.Be4 Qc8 26.Bf5 Qxc4 27.Rhe1 Bf6 28.
Bc2 Rbc8 29.Re2 Qd5 30.Be4 Qb5 31.d5 Rfe8 32.Qf5 Kg7 33.Rdd2 Be5 34.Qxg5+ 
Kf8 35.f4 Bg7 36.h6 Bc3 37.Rc2 Bd4 38.Bxh7 Rxe2 39.Rxc8+ Re8 40.Qg8+ Ke7 
41.Rxe8+ Qxe8 42.Qg2 Qh8 43.Bd3 Qf6 44.Qh2 b5 45.h7 a5 46.Qc2 Bc5 47.Bxb5 
Qh8 48.Qf5 Bd4 49.Qd7+ Kf6 50.Bd3 Qb8 51.Qxd6+ 1-0

[Event "53rd World U20 ch"]
[Site "Pune IND"]
[Date "2014.10.06"]
[Round "1.22"]
[White "Pranavananda, V."]
[Black "Ducarmon, Quinten"]
[Result "0-1"]
[WhiteElo "2136"]
[BlackElo "2487"]
[EventDate "2014.10.06"]
[PlyCount "70"]

1.d4 d5 2.c4 c6 3.Nf3 Nf6 4.e3 Bf5 5.Nc3 e6 6.Bd3 Bg6 7.Ne5 Bxd3 8.Qxd3 
Nbd7 9.f4 Bb4 10.O-O O-O 11.Ne2 Ne4 12.cxd5 cxd5 13.Qb5 Nxe5 14.Qxb4 Nc4 
15.b3 Ncd6 16.Ba3 Re8 17.Rac1 h5 18.Rc2 Qd7 19.Rfc1 Rec8 20.Qe1 Nf5 21.Nc3
Nf6 22.h3 Rc6 23.Qe2 h4 24.Kh2 Rac8 25.Nd1 Rxc2 26.Rxc2 Rxc2 27.Qxc2 Qb5 
28.Kg1 Ng3 29.Qf2 Qd3 30.Qe1 Nfe4 31.Be7 f6 32.Ba3 Qb1 33.Kh2 a5 34.Bc5 
Qxa2 35.Nc3 Nxc3 0-1

[Event "53rd World U20 ch"]
[Site "Pune IND"]
[Date "2014.10.06"]
[Round "1.23"]
[White "Aravindh, Chithambaram"]
[Black "Mohammad, Ashraf"]
[Result "1-0"]
[WhiteElo "2475"]
[BlackElo "2132"]
[EventDate "2014.10.06"]
[PlyCount "79"]

1.b3 e5 2.Bb2 Nc6 3.e3 a6 4.c4 Nf6 5.a3 d5 6.cxd5 Nxd5 7.Qc2 Be7 8.Nf3 Bf6
9.d3 O-O 10.Nbd2 g6 11.Be2 Bg7 12.b4 Re8 13.O-O g5 14.Nb3 g4 15.Nfd2 Qh4 
16.g3 Qh6 17.Rfe1 f5 18.Bf1 Nde7 19.a4 Be6 20.b5 Nb4 21.Qc5 Nbd5 22.e4 b6 
23.Qc1 Nb4 24.bxa6 f4 25.d4 fxg3 26.hxg3 Rf8 27.Nc4 Rxf2 28.Qxh6 Rxf1+ 29.
Rxf1 Bxh6 30.d5 Nexd5 31.exd5 Bxd5 32.Nbd2 Nd3 33.Bc3 Bf8 34.Nxe5 Bc5+ 35.
Kh2 Nxe5 36.Bxe5 Rxa6 37.Rf5 Be3 38.Raf1 h6 39.Bf4 Bxd2 40.Rxd5 1-0

[Event "53rd World U20 ch"]
[Site "Pune IND"]
[Date "2014.10.06"]
[Round "1.24"]
[White "Nishant, Malhotra"]
[Black "Kantans, Toms"]
[Result "0-1"]
[WhiteElo "2129"]
[BlackElo "2485"]
[EventDate "2014.10.06"]
[PlyCount "100"]

1.d4 Nf6 2.c4 e6 3.Nc3 Bb4 4.f3 d5 5.a3 Bxc3+ 6.bxc3 O-O 7.cxd5 exd5 8.e3 
Nh5 9.Qc2 Re8 10.g4 Nf4 11.h4 c5 12.Kf2 Ne6 13.Ne2 Nc6 14.Ng3 c4 15.Bd2 
Rb8 16.Nf5 b5 17.Be2 a5 18.Rab1 Nf8 19.g5 Rb6 20.f4 Ne7 21.Ng3 Qd6 22.h5 
Qxa3 23.Ra1 Qd6 24.Rxa5 Nc6 25.Ra8 b4 26.cxb4 Nxb4 27.Qc3 Nc6 28.Qa3 Qd7 
29.Bf3 Ne6 30.g6 fxg6 31.hxg6 hxg6 32.Ne2 Nc7 33.Ra4 Rb3 34.Qc5 Rb2 35.Bc1
Rb5 36.Qa3 Qf5 37.Qd6 Qe6 38.Qxe6+ Bxe6 39.Rxc4 dxc4 40.Bxc6 Rb3 41.Bxe8 
Nxe8 42.Ng3 Rd3 43.Re1 Nf6 44.Re2 c3 45.Ke1 Bb3 46.Ba3 Ng4 47.Rg2 Nxe3 48.
Ke2 Bc4 49.Rg1 Nc2 50.Rc1 Nxa3 0-1

[Event "53rd World U20 ch"]
[Site "Pune IND"]
[Date "2014.10.06"]
[Round "1.25"]
[White "Tari, Aryan"]
[Black "Abhijith, M."]
[Result "1/2-1/2"]
[WhiteElo "2450"]
[BlackElo "2126"]
[EventDate "2014.10.06"]
[PlyCount "127"]

1.e4 e6 2.d4 d5 3.Nc3 Nf6 4.e5 Ne4 5.Nxe4 dxe4 6.Be3 c5 7.dxc5 Nd7 8.Qd2 
Qc7 9.Qc3 Bxc5 10.Ne2 Qb6 11.Bxc5 Qxc5 12.Qxc5 Nxc5 13.Nc3 Ke7 14.O-O-O 
Nd7 15.Nxe4 Nxe5 16.f4 Ng6 17.g3 Bd7 18.Bd3 Bc6 19.Rhe1 Rhd8 20.h4 h6 21.
Re3 Kf8 22.a3 Rac8 23.Nd2 Ne7 24.Nc4 Bd5 25.Ne5 Nc6 26.Nf3 Bxf3 27.Rxf3 
Nd4 28.Re3 Nb3+ 29.Kb1 Nc5 30.Be2 a5 31.Rxd8+ Rxd8 32.b4 axb4 33.axb4 Nd7 
34.Bf3 Nf6 35.Kb2 Nd5 36.Rd3 Ke7 37.Kb3 b6 38.Rd1 Ne3 39.Rxd8 Kxd8 40.g4 
Nd5 41.f5 Ne7 42.fxe6 fxe6 43.h5 Kc7 44.Kc4 Ng8 45.Kb5 Nf6 46.c4 Nd7 47.c5
bxc5 48.bxc5 Ne5 49.Bd1 Kb7 50.Be2 Kc7 51.Ka4 Nc6 52.Bc4 Ne5 53.Be2 Nc6 
54.Bd1 Ne5 55.Kb5 Kb7 56.Kb4 Nd3+ 57.Kb5 Kc7 58.Bb3 e5 59.Bd5 Nf2 60.Bf3 
e4 61.Be2 Nh3 62.Kc4 Nf4 63.Bd1 e3 64.Kd4 1/2-1/2

[Event "53rd World U20 ch"]
[Site "Pune IND"]
[Date "2014.10.06"]
[Round "1.26"]
[White "Vokhidov, Shamsiddin"]
[Black "Prasanna, Raghuram Rao"]
[Result "1/2-1/2"]
[WhiteElo "2119"]
[BlackElo "2447"]
[EventDate "2014.10.06"]
[PlyCount "174"]

1.e4 e5 2.Nf3 Nc6 3.Bb5 a6 4.Ba4 Nge7 5.c3 g6 6.d4 exd4 7.cxd4 Bg7 8.O-O 
O-O 9.Nc3 b5 10.Bc2 d6 11.h3 h6 12.Be3 f5 13.d5 f4 14.Bxf4 Rxf4 15.dxc6 
Rf8 16.e5 dxe5 17.Qe2 Nxc6 18.Qe4 Qe8 19.Qxg6 Qxg6 20.Bxg6 Nd4 21.Be4 Ra7 
22.Kh2 Bf5 23.Nd2 c5 24.Bxf5 Rxf5 25.a4 Rff7 26.Nde4 Bf8 27.Nd5 c4 28.
Ndf6+ Kg7 29.Ng4 Rf4 30.Ng3 Kg8 31.axb5 Nxb5 32.Nxe5 Bd6 33.Nf3 Nd4 34.
Nxd4 Rxd4 35.Kg1 Bb4 36.Rac1 Rc7 37.Rc2 Rd2 38.Rxd2 Bxd2 39.Ne4 Bf4 40.
Nf6+ Kf8 41.Nd5 Rf7 42.Nxf4 Rxf4 43.Rd1 Rf6 44.Rd4 Rc6 45.g3 a5 46.Rd5 Rb6
47.Rxa5 Rxb2 48.Rc5 Rc2 49.Rc7 Kg8 50.Kg2 c3 51.Kf3 Rc1 52.Kg4 Rf1 53.f4 
Rc1 54.h4 c2 55.f5 Kf8 56.Kh5 Rg1 57.Rxc2 Rxg3 58.Kxh6 Kf7 59.Rc6 Rg1 60.
h5 Rf1 61.Rc5 Rh1 62.Rc7+ Kf6 63.Rc8 Kxf5 64.Rf8+ Ke6 65.Rf2 Ke7 66.Kg6 
Rg1+ 67.Kh7 Rh1 68.h6 Rg1 69.Rf3 Rg2 70.Kh8 Rh2 71.h7 Rg2 72.Rf1 Rg3 73.
Ra1 Kf7 74.Ra7+ Kf8 75.Ra8+ Kf7 76.Rg8 Rh3 77.Rg7+ Kf8 78.Rg5 Rf3 79.Rd5 
Rf2 80.Rd8+ Kf7 81.Rg8 Rf3 82.Rg7+ Kf8 83.Rg2 Rf1 84.Rg3 Rf2 85.Rd3 Rf1 
86.Rd7 Rf2 87.Rd8+ Kf7 1/2-1/2

[Event "53rd World U20 ch"]
[Site "Pune IND"]
[Date "2014.10.06"]
[Round "1.27"]
[White "Das, Sayantan"]
[Black "Dhulipalla, Bala Chandra Prasad"]
[Result "1-0"]
[WhiteElo "2456"]
[BlackElo "2118"]
[EventDate "2014.10.06"]
[PlyCount "45"]

1.e4 c5 2.Nf3 e6 3.d4 cxd4 4.Nxd4 Nc6 5.Nc3 Qc7 6.Be3 a6 7.Qd2 Nf6 8.O-O-O
Be7 9.f3 O-O 10.g4 b5 11.g5 Nh5 12.Nce2 Rd8 13.Ng3 Nxd4 14.Nxh5 Nc6 15.Qf2
Rb8 16.Rg1 Kh8 17.Qh4 Nb4 18.Bd3 Bb7 19.Nf6 Bxf6 20.gxf6 g6 21.Qh6 Rg8 22.
Rg3 Qe5 23.Rh3 1-0

[Event "53rd World U20 ch"]
[Site "Pune IND"]
[Date "2014.10.06"]
[Round "1.28"]
[White "Gajwa, Ankit"]
[Black "Narayanan, Srinath"]
[Result "1/2-1/2"]
[WhiteElo "2110"]
[BlackElo "2443"]
[EventDate "2014.10.06"]
[PlyCount "36"]

1.e4 c5 2.Nf3 d6 3.d4 cxd4 4.Nxd4 Nf6 5.Nc3 a6 6.Bg5 Nbd7 7.f4 Qc7 8.Qf3 
h6 9.Bxf6 Nxf6 10.f5 Qc5 11.O-O-O g5 12.fxg6 Bg4 13.gxf7+ Kxf7 14.Qd3 Bxd1
15.Nxd1 Bg7 16.g3 e6 17.Bh3 Rhe8 18.Nc3 Rac8 1/2-1/2

[Event "53rd World U20 ch"]
[Site "Pune IND"]
[Date "2014.10.06"]
[Round "1.29"]
[White "Anurag, Mhamal"]
[Black "Manigandan, S. S."]
[Result "1/2-1/2"]
[WhiteElo "2442"]
[BlackElo "2099"]
[EventDate "2014.10.06"]
[PlyCount "70"]

1.c4 Nf6 2.g3 e6 3.Bg2 Be7 4.Nf3 O-O 5.O-O d5 6.d4 dxc4 7.Qc2 b5 8.a4 b4 
9.Ne5 Qxd4 10.Bxa8 Qxe5 11.Bf3 Ba6 12.Bf4 Qc5 13.Be3 Qa5 14.Nd2 b3 15.Qc1 
Qb4 16.Bxa7 Nd5 17.Ne4 Nc6 18.Be3 Ne5 19.Bg2 c3 20.Nxc3 Nxc3 21.Qxc3 Qxc3 
22.bxc3 Nc4 23.Rab1 Nxe3 24.fxe3 Bxe2 25.Rf2 Bc4 26.Rf4 Bd3 27.Rxb3 Bg5 
28.Rfb4 Bxe3+ 29.Kh1 Bb6 30.Rb2 g6 31.Ra2 Ba5 32.Rb7 Bc4 33.Rd2 Bb6 34.Rd7
Rc8 35.h3 Ba6 1/2-1/2

[Event "53rd World U20 ch"]
[Site "Pune IND"]
[Date "2014.10.06"]
[Round "1.30"]
[White "Nader, Mohamed"]
[Black "Kriebel, Tadeas"]
[Result "0-1"]
[WhiteElo "2098"]
[BlackElo "2428"]
[EventDate "2014.10.06"]
[PlyCount "67"]

1.d4 Nf6 2.Nf3 g6 3.e3 Bg7 4.c4 O-O 5.Nc3 d6 6.Be2 Nbd7 7.O-O e5 8.b4 Re8 
9.Qc2 Qe7 10.a4 a5 11.b5 e4 12.Nd2 Nf8 13.Nd5 Nxd5 14.cxd5 b6 15.Ra3 Bb7 
16.Rc3 Rac8 17.Bc4 Nd7 18.Ba3 Nf6 19.Rc1 Qd7 20.Bb3 Qf5 21.Rxc7 Ng4 22.
Nxe4 Rxc7 23.Qxc7 Qxe4 24.Qc2 Qxc2 25.Rxc2 Nf6 26.Bxd6 Bxd5 27.Bxd5 Nxd5 
28.Kf1 f5 29.g3 Kf7 30.Rc6 Re6 31.Ke2 Ke8 32.Rc8+ Kd7 33.Rb8 Bxd4 34.Kd3 
0-1

[Event "53rd World U20 ch"]
[Site "Pune IND"]
[Date "2014.10.06"]
[Round "1.31"]
[White "Ben Artzi, Ido"]
[Black "Roshan, Rangarajan"]
[Result "1-0"]
[WhiteElo "2423"]
[BlackElo "2088"]
[EventDate "2014.10.06"]
[PlyCount "67"]

1.d4 Nf6 2.c4 e6 3.Nc3 d5 4.cxd5 exd5 5.Bg5 Be7 6.Qc2 c6 7.e3 Nbd7 8.Bd3 
O-O 9.Nf3 Re8 10.h3 Nf8 11.O-O g6 12.Rab1 Ne6 13.Bxf6 Bxf6 14.b4 Bg7 15.
Rfc1 Ng5 16.Nxg5 Qxg5 17.Kf1 Re6 18.b5 Rf6 19.bxc6 bxc6 20.Nd1 Bf8 21.Rb3 
Bd7 22.Rb7 Be8 23.f4 Qg3 24.Qf2 Qxf2+ 25.Nxf2 c5 26.dxc5 Rc6 27.e4 d4 28.
e5 Bxc5 29.Be4 Rcc8 30.Ng4 Bb6 31.Nf6+ Kf8 32.Rxc8 Rxc8 33.Nxh7+ Kg7 34.
Ng5 1-0